000 00281nam a2200109Ia 4500
008 190914s9999||||xx |||||||||||||| ||und||
100 _aNelson Mandela
245 0 _aAazadi Ka Taweel Safar : Khudnost Sawanahe Hayaat
260 _aIslamabad
_bLeaf
_c2004
300 _a219
942 _cBK
999 _c8951
_d8951